Every QB Drafted In The 2025 NFL Draft - Statistics

General Stats
  • This quiz has been taken 176 times
  • The average score is 10 of 14
Answer Stats
Team Pick School Player % Correct
Titans 1 Miami Cam Ward
98%
Giants 25 Ole Miss Jaxson Dart
98%
Browns 144 Colorado Shedeur Sanders
97%
Browns 94 Oregon Dillon Gabriel
91%
Saints 40 Louisville Tyler Shough
87%
Seahawks 92 Alabama Jalen Milroe
85%
Dolphins 231 Texas Quinn Ewers
79%
Steelers 185 Ohio State Will Howard
79%
Colts 189 Notre Dame Riley Leonard
61%
Eagles 181 Syracuse Kyle McCord
60%
49ers 227 Indiana Kurtis Rourke
38%
Texans 197 Florida Graham Mertz
33%
Raiders 215 North Dakota State Cam Miller
28%
Raiders 213 Montana State Tommy Mellott
16%
No matching quizzes found
Score Distribution
Percent of People with Each Score
Percentile by Number Answered
Your Score History
You have not taken this quiz